MDQL
is popping MORE tags! Check the
thread
!
Quizzes
Events
Quiz Creation
Community
Videos
Private Events
Remove Ads
Sign In
Join for FREE
Feedback
Dark Mode
Quiz Categories
Sports
Geography
Music
Movies
Television
Just For Fun
Miscellaneous
History
Literature
Language
Science
Gaming
Entertainment
Religion
Holiday
For Kids
Quiz Lab
Recent
Popular Today
Quiz Kudos Today
Editor Picks
Curator Picks
Quizzes by...
Day
Popularity
Type
Ratings
Length
Year
Community
Subscriptions
Recent Discussions
Orange Saloon
Badges
Playlists
Quests
Create
Leaderboards
Showdown
Live 5
Trivia Bingo
Activity
Puzzle Library
Sporcle Events
Private Events
Virtual Trivia
Globe League
Become a Host
Pub Owners
SporcleCon
Opinionation
Our Games
Videos
Blog
Mobile Apps
Partnerships
Remove Ads and Go Orange
Feedback
Movies
Disney
Marvel Cinematic Universe
Movie Resume
Movie Titles
Oscar
Actor
Actress
Director
Pixar
Role
Movie Quotes
Movie Characters
Box Office
Nominee
Best Picture
Star Wars
James Bond
Horror Movies
Movies
Disney
Marvel Cinematic Universe
Movie Resume
Movie Titles
Oscar
Actor
Actress
Director
Pixar
Role
Movie Quotes
Movie Characters
Box Office
Nominee
Best Picture
Star Wars
James Bond
Horror Movies
Random Quiz
Search Sporcle
×
Curator Pick
Curator Pick
Movies
Best Picture
Type answers based on single images at one time
Type answers based on single images at one time
Slideshow
Best Score? Go Orange.
How Many Have You Seen: AFI's 100 Greatest Movies Stats
How many of AFI's 100 Greatest Movies have you seen?
By
JennyWren
20m
100 Questions
1,300 Plays
1,300 Plays
1,300 Plays
Comments
Comments
Give Quiz Kudos
Give Quiz Kudos
-
- Ratings
hide this ad
More Info
Replay
Link that replays current quiz
Next Quiz
Link to next quiz in quiz playlist
You Got
0%
They Got
Avg Score
42%
Avg Friend Score
Upgrade to see
Score Distribution
Jump to the score distribution portion of the page
Score
0/100
Timer
20:00
0
Plays Today
% Correct
Seen The Wizard Of Oz!
85.2%
Seen Toy Story!
83.9%
Seen Forrest Gump!
83.2%
Seen Snow White and the Seven Dwarfs!
82.8%
Seen E.T. The Extra-Terrestrial!
81.8%
Seen Star Wars Episode IV!
80.9%
Seen Titanic!
78.5%
Seen Raiders of the Lost Ark!
77.5%
Seen The Godfather!
73.5%
Seen The Silence of the Lambs!
73%
Seen The Lord of the Rings: The Fellowship of the Ring!
72.1%
Seen Jaws!
72.1%
Seen The Shawshank Redemption!
72.1%
Seen Pulp Fiction!
71.6%
Seen The Sixth Sense!
68.1%
Seen The Sound Of Music!
66.5%
Seen Psycho!
65.8%
Seen Casablanca!
64.2%
Seen It's A Wonderful Life!
64%
Seen Saving Private Ryan!
62.7%
Seen To Kill A Mockingbird!
61.2%
Seen One Flew Over The Cuckoo's Nest!
60.4%
Seen Rocky!
60%
Seen Schindler's List!
59.5%
Seen The Godfather Part II!
59.4%
Seen Goodfellas!
58.6%
Seen Citizen Kane!
58.2%
Seen Rear Window!
56.8%
Seen The Graduate!
54.2%
Seen Gone With The Wind!
53.3%
Seen West Side Story!
52.5%
Seen A Clockwork Orange!
51.9%
Seen Singin' In The Rain!
51.5%
Seen 2001: A Space Odyssey!
51.3%
% Correct
Seen 12 Angry Men!
51.2%
Seen Taxi Driver!
50.1%
Seen Blade Runner!
48.9%
Seen Vertigo!
48.8%
Seen Apocalypse Now!
48.5%
Seen Dr. Strangelove!
47.6%
Seen Some Like It Hot!
45.5%
Seen North By Northwest!
45.5%
Seen Platoon!
43.8%
Seen Tootsie!
42.7%
Seen Annie Hall!
42.2%
Seen Chinatown!
41.4%
Seen Unforgiven!
40.6%
Seen Butch Cassidy and the Sundance Kid!
40.2%
Seen The Maltese Falcon!
39.2%
Seen Raging Bull!
39.1%
Seen King Kong!
38.2%
Seen The Deer Hunter!
38.2%
Seen Bonnie and Clyde!
37.2%
Seen A Streetcar Named Desire!
36.1%
Seen Sunset Boulevard!
36%
Seen American Graffiti!
36%
Seen Ben-Hur!
36%
Seen The Bridge On The River Kwai!
35.8%
Seen On The Waterfront!
35.2%
Seen All The President's Men!
34.7%
Seen Lawrence Of Arabia!
34.4%
Seen The French Connection!
33.7%
Seen Mr. Smith Goes To Washington!
33.1%
Seen Network!
32.1%
Seen The African Queen!
32.1%
Seen M*A*S*H!
31.8%
Seen The Apartment!
31.5%
Seen It Happened One Night!
30.4%
% Correct
Seen All About Eve!
29.7%
Seen Double Indemnity!
29.7%
Seen Midnight Cowboy!
29.5%
Seen High Noon!
29.1%
Seen The Philadelphia Story!
28.7%
Seen Do The Right Thing!
28.6%
Seen Duck Soup!
28.5%
Seen Spartacus!
28.3%
Seen Easy Rider!
28.1%
Seen In The Heat of the Night!
27.7%
Seen Cabaret!
25.9%
Seen The Grapes Of Wrath!
25.8%
Seen The Searchers!
25.5%
Seen Bringing Up Baby!
24.8%
Seen Modern Times!
24.3%
Seen The Treasure Of The Sierra Madre!
23.8%
Seen City Lights!
23.5%
Seen Who's Afraid Of Virginia Woolf?
22.6%
Seen Sophie's Choice!
19.8%
Seen Shane!
18.9%
Seen The General!
18.4%
Seen The Gold Rush!
18.4%
Seen The Best Years Of Our Lives!
17.5%
Seen The Wild Bunch!
17.2%
Seen A Night At The Opera!
17.2%
Seen The Last Picture Show!
16.7%
Seen Yankee Doodle Dandy!
14.7%
Seen Swing Time!
12.5%
Seen Sullivan's Travels!
11.5%
Seen Nashville!
9.8%
Seen Sunrise!
8%
Seen Intolerance!
7.2%
Quiz Playlist
Details
Report
Send in Message
Add To Playlist
More Info:
Enter "y" for films you have seen and "n" for those on your "must watch" list!
Slideshow:
Type answers based on single images at one time
Quiz Source
Last Updated: Feb 9, 2018
Curator Pick in
Movie Titles
Quiz Scoreboard
CHALLENGE
Sign Up to Join the Scoreboard
Show All
Scores
Hide
Comments
May contain spoilers
Recently Published
Two Season TV Shows II
by 123Four
Television
10m
Image Sorting: Flags VI
by Barbecue
Geography
2m
Find the 'City' Movie
by crazypaving
Movies
60s
More to Explore
Quiz From the Vault
Featured Blog Post
14 Easter Pick-up Lines to Find Eggs With
hide this ad
You Might Also Like...
Tags
Best Picture Quiz
Movie Titles Quiz
Oscar Quiz
100
AFI
AFI 100
greatest
seen
Today's Top Quizzes in Movies
Browse Movies
hide this ad
Today's Top Quizzes in Best Picture
Browse Best Picture
Top Contributed Quizzes in Movies
1
The ultimate James Bond movie quiz
2
Find The 'Big' Movie
3
Find The 'Wild' Movie
4
Find The 'Blue' Movie
5
Movies By Plot
6
Hidden Star Wars Character II
7
Pick 5 Posters: Directed by Spielberg
8
Hidden Star Wars Character III
9
Hidden Star Wars Character IV
10
25 Best Actor Nominees (1990s)
Explore More
Trending Topics
NBA
Anime
Crossword
Kpop
Marvel
Disney
Harry Potter
The Office
Song
Country
Puzzle
NFL
Pokémon
Soccer
WWE
hide this ad
More By:
JennyWren
Quiz
Plays
Rating
Category
Featured
Created
Best Animated Feature Oscar Nominations: First 20 Years
55,706
4.58
Movies
Feb 24, 2015
British Monarchs On Screen
46,287
4.46
History
Oct 21, 2014
Presidents On Screen
39,521
4.71
History
Oct 21, 2014
Batman Villains by Real Names
939
5.00
Entertainment
Dec 10, 2012
How Many Have You Read: BBC's Top 100 Books
659
4.43
Literature
Dec 7, 2014
Go to Creator's Profile
Score Distribution
Quiz Creator Spotlight
JennyWren
Follow
Send a Message
Quizzes Created
-
Created Quiz Play Count
-
More By This Creator
Popular Quizzes Today
1
Find the US States - No Outlines Minefield
2
Colored Red Africa Blitz
3
Find the 'City' Movie
4
5x2 Blitz: Bands
5
The Countries of the World
6
Find the Countries of Europe - No Outlines Minefield
7
Find the US States
8
US States
More Movies Quizzes
Shakespearean Disney Characters
Published
Trending Quizzes
Colored Red Europe Blitz I
Colored Red Africa Blitz II
Colored Red Europe Blitz II
Colored Red Africa Blitz III
Even More Two Season TV Shows
Recently Updated
March Madness Men's Triple Doubles
pecheneg
How Do You Spell That?
pecheneg
Godzilla Movies
pecheneg
Grab Bag: 4-10 Letters
pecheneg
2024 March Madness Bracket
pecheneg
Famous TV Couples
Peacemaker
Champions League XIs: Real Madrid
pecheneg
Largest US Cities 1790-2010
pecheneg
Rides in Walt Disney World
pecheneg
Most Oscar Losses (Acting)
pecheneg
Trending Topics
NBA
Marvel
Disney
Anime
Harry Potter
Crossword
Kpop
Soccer
The Office
NFL
WWE
Country
Puzzle
Song
Pokémon
Your Account Isn't Verified!
In order to create a playlist on Sporcle, you need to verify the email address you used during registration. Go to your
Sporcle Settings
to finish the process.
Report this User
Report this user for behavior that violates our
Community Guidelines
.
Details:
Send Report
Go to the Sporcle.com Mobile Site →
Comments